| 000 | 00471nam a2200193Ia 4500 | ||
|---|---|---|---|
| 008 | 221030s9999 xx 000 0 und d | ||
| 020 | _a0070151550 | ||
| 041 | _aEnglish | ||
| 082 | _a105.23 | ||
| 100 | _aA. Beiser | ||
| 245 | 0 |
_aConcepts Of Modern Physics _cby A. Beiser, S. Mahajan, S. R. Choudhary |
|
| 250 | _a6th | ||
| 260 |
_bTMH _aNew Delhi _c2009 |
||
| 300 | _a623 | ||
| 650 | _aPhysics | ||
| 700 | _aS. Mahajan | ||
| 700 | _aS. R. Choudhary | ||
| 942 | _cBK | ||
| 999 |
_c8959 _d8959 |
||